| 000 | 01374cam a2200265 a 4500 | ||
|---|---|---|---|
| 001 | 000003770 | ||
| 005 | 20200929150549.0 | ||
| 008 | 731003s1972 ag 001 0bspa d | ||
| 040 |
_aDO-SdBNP _bspa _cBNPHU |
||
| 082 |
_a813.52 _bF553mzL |
||
| 100 | 1 |
_aLehan, Richard Daniel, _d1930- _911470 |
|
| 240 | 1 | 0 |
_aF. Scott Fitzgerald and the craft of fiction. _lEspañol |
| 245 | 1 | 3 |
_aEl mundo de Scott Fitzgerald / _cRichard D. Lehan; traducción de María Teresa La Valle y Marcelo Pérez Rivas. |
| 260 |
_aBuenos Aires : _bRodolfo Alonso, _c1972. |
||
| 300 |
_a233 p. ; _c18 cm. |
||
| 490 | 1 | _aLetra viva | |
| 505 | 0 | _aPrefacio / Harry T. Moore -- Introducción -- F. Scott Fitzgerald y la tradición romántica -- La ironía y los tres niveles del tiempo -- A este lado del Paraíso -- Los hermosos y malditos -- El gran Gatsby -- Tierna es la noche -- El Conde de las tinieblas. El último magnate. Los cuentos de Pat Hobby -- Los límites de la visión. | |
| 534 |
_pTítulo original: _tF. Scott Fitzgerald and the craft of fiction. |
||
| 650 | 4 |
_aNovela estadounidense _xSiglo xx _911471 |
|
| 650 | 4 |
_aLiteratura _ySIGLO XX _vNOVELA. _911472 |
|
| 600 | 1 | 4 |
_aFITZGERALD, F. SCOTT _q(FRANCIS SCOTT), _d1896-1940 _xCRITICA E INTERPRETACION. _911473 |
| 700 | 1 |
_aLa Valle, María Teresa, _etr. _911474 |
|
| 700 | 1 |
_aPérez Rivas, Marcelo, _etr. _911475 |
|
| 830 | 0 |
_aLetra viva _95252 |
|
| 999 |
_c3592 _d3592 |
||